<?xml version="1.0" encoding="UTF-8"?>
<record
    xmlns:xsi="http://www.w3.org/2001/XMLSchema-instance"
    xsi:schemaLocation="http://www.loc.gov/MARC21/slim http://www.loc.gov/standards/marcxml/schema/MARC21slim.xsd"
    xmlns="http://www.loc.gov/MARC21/slim">

  <leader>02916nam a22002657a 4500</leader>
  <controlfield tag="005">20240305165608.0</controlfield>
  <controlfield tag="007">cr||||   |||| </controlfield>
  <controlfield tag="008">210618s2019    co |||||s|||| 00||0 spa d</controlfield>
  <datafield tag="020" ind1=" " ind2=" ">
    <subfield code="a">978-958-792-026-0</subfield>
  </datafield>
  <datafield tag="035" ind1=" " ind2=" ">
    <subfield code="a">33439</subfield>
  </datafield>
  <datafield tag="040" ind1=" " ind2=" ">
    <subfield code="a">vLex</subfield>
  </datafield>
  <datafield tag="090" ind1=" " ind2=" ">
    <subfield code="c">11821</subfield>
    <subfield code="d">11821</subfield>
  </datafield>
  <datafield tag="100" ind1="1" ind2=" ">
    <subfield code="a">Mart&#xED;nez Berm&#xFA;dez, Rigoberto</subfield>
  </datafield>
  <datafield tag="245" ind1="1" ind2="0">
    <subfield code="a">Gesti&#xF3;n del Servicio Humanizado en Salud</subfield>
    <subfield code="h">[Recurso electr&#xF3;nico] :</subfield>
    <subfield code="b">Con visi&#xF3;n multivariable y gu&#xED;as de mejoramiento /</subfield>
    <subfield code="c">Rigoberto Mart&#xED;nez Berm&#xFA;dez</subfield>
  </datafield>
  <datafield tag="250" ind1=" " ind2=" ">
    <subfield code="a">2da. Edici&#xF3;n</subfield>
  </datafield>
  <datafield tag="256" ind1=" " ind2=" ">
    <subfield code="a">Servicio en l&#xED;nea</subfield>
  </datafield>
  <datafield tag="260" ind1=" " ind2=" ">
    <subfield code="a">Bogot&#xE1;:</subfield>
    <subfield code="b">Ediciones de la U,</subfield>
    <subfield code="c">2019</subfield>
  </datafield>
  <datafield tag="300" ind1=" " ind2=" ">
    <subfield code="a">1 recurso electr&#xF3;nico</subfield>
  </datafield>
  <datafield tag="500" ind1=" " ind2=" ">
    <subfield code="a">Mientras usted, amable lector, inicia la lectura de la presente obra, puede que una persona, padeciendo de c&#xE1;ncer, espere ingresar a trav&#xE9;s de una fila extenuante a una instituci&#xF3;n de salud en procura de superar este grave mal o al menos mitigarlo; una dama se encuentre en una camilla a punto de dar a luz su primer hijo; un anestesi&#xF3;logo se apreste para acudir al quir&#xF3;fano; un adolescente con s&#xED;ndrome de Down busque ser comprendido por una enfermera; un ciudadano espere la llegada de la ambulancia o que lo lleve de prisa a una instituci&#xF3;n de salud p&#xFA;blica o privada, despu&#xE9;s de sufrir una ca&#xED;da en la escalera de su casa; una abuelita intente tramitar el pago en caja para retirar a su nieto mediante una orden de salida; o tal vez unos deudos recogen los despojos mortales de un ser querido. Cualquier persona puede verse en una o varias de estas situaciones en un momento dado, con la esperanza de que ellas ocurran dentro de una alta dosis de humanismo por quienes, en representaci&#xF3;n de una instituci&#xF3;n de salud, los abrigan con actitud de ayuda nacida de su alma. Estas breves reflexiones evidencian la importancia de asumir, el servicio de salud humanizado al interior de la instituci&#xF3;n, dentro de una connotaci&#xF3;n integral, como parte de una responsabilidad de todos, y as&#xED; emprender un plan de intervenci&#xF3;n voluntaria de mejoramiento. Esta obra es una propuesta de un modelo multivariable de gesti&#xF3;n del servicio humanizado en salud, complementado con la formulaci&#xF3;n de una gu&#xED;a de intervenci&#xF3;n para una mejor gesti&#xF3;n, manteniendo la l&#xED;nea humana de quienes se han ocupado insistentemente en la mirada multidimensional del paciente, en su trato y el respeto hacia &#xE9;l.</subfield>
  </datafield>
  <datafield tag="506" ind1="1" ind2=" ">
    <subfield code="a">Disponible solo en los productos indicados</subfield>
    <subfield code="d">vLex Global</subfield>
    <subfield code="d">vLex Global (Academic Edition, excluding Law Schools)</subfield>
    <subfield code="d">vLex Global (U.S. Academic Edition, Law Schools)</subfield>
    <subfield code="d">vLex Global (U.S. Academic Edition, excluding Law Schools)</subfield>
    <subfield code="d">vLex Global (Academic Edition, Law Schools)</subfield>
  </datafield>
  <datafield tag="650" ind1="0" ind2="4">
    <subfield code="a">Administraci&#xF3;n (Management)</subfield>
    <subfield code="z">Colombia</subfield>
  </datafield>
  <datafield tag="740" ind1="0" ind2=" ">
    <subfield code="a">vLex Libros (Servicio en l&#xED;nea)</subfield>
  </datafield>
  <datafield tag="856" ind1="4" ind2="0">
    <subfield code="u">https://vlex.com/source/gestion-del-servicio-humanizado-en-salud-con-vision-multivariable-y-guias-de-mejoramiento-2da-edicion-33439</subfield>
  </datafield>
  <datafield tag="942" ind1=" " ind2=" ">
    <subfield code="c">RAA</subfield>
  </datafield>
  <datafield tag="952" ind1=" " ind2=" ">
    <subfield code="0">0</subfield>
    <subfield code="1">0</subfield>
    <subfield code="4">0</subfield>
    <subfield code="7">0</subfield>
    <subfield code="8">VLEX</subfield>
    <subfield code="9">328010</subfield>
    <subfield code="a">BD-UIN</subfield>
    <subfield code="b">BD-UIN</subfield>
    <subfield code="d">2024-03-05</subfield>
    <subfield code="l">0</subfield>
    <subfield code="p">33439</subfield>
    <subfield code="r">2024-03-05</subfield>
    <subfield code="w">2024-03-05</subfield>
    <subfield code="y">RAA</subfield>
  </datafield>
  <datafield tag="999" ind1=" " ind2=" ">
    <subfield code="c">170057</subfield>
    <subfield code="d">170057</subfield>
  </datafield>
</record>
